Economic development: Theory policy and international relations (Record no. 37036)
[ view plain ]
| 000 -LEADER | |
|---|---|
| fixed length control field | 00342nam a2200121Ia 4500 |
| 082 ## - DEWEY DECIMAL CLASSIFICATION NUMBER | |
| Classification number | 330.34 |
| Item number | LIT |
| 100 ## - MAIN ENTRY--AUTHOR NAME | |
| Personal name | LITTLE, Jan M D |
| 245 #0 - TITLE STATEMENT | |
| Title | Economic development: Theory policy and international relations |
| 260 ## - PUBLICATION, DISTRIBUTION, ETC. (IMPRINT) | |
| Place of publication | New York |
| Name of publisher | Basic |
| Year of publication | 1982 |
| 650 ## - SUBJECT ADDED ENTRY--TOPICAL TERM | |
| Topical Term | Economic development |
| 942 ## - ADDED ENTRY ELEMENTS (KOHA) | |
| Koha item type | Books |
| Withdrawn status | Lost status | Damaged status | Not for loan | Home library | Current library | Date acquired | Full call number | Accession Number | Koha item type |
|---|---|---|---|---|---|---|---|---|---|
| RRII Library | RRII Library | 16/12/2021 | 330.34 LIT | 17428 | Books |